Movies Quiz

Random Movies or Clickable Quiz

101 Movie 'B' Words Quiz Stats

 Plays Quiz Updated Sep 4, 2017

Challenge
Share
Tweet
Embed
Score 0/101 Timer 11:00
21 Plays Today
% Correct
By
91.2%
Back
91.1%
Bill
91.1%
Beverly
91%
Bonnie
90.7%
Blair
90.5%
Business
90.4%
Bottle
90.4%
Bueller's
89.8%
Basterds
89.8%
Bad
89.8%
Bourne
89.7%
Brokeback
89.7%
Black
89.6%
Ben
89.3%
Be
88.6%
Brockovich
88.4%
Breakdown
87.8%
Butch
87.7%
Brother
87%
Blondes
86.8%
Bride
86.8%
Baby
86.5%
Body
85.9%
Balls
85.9%
Burgundy
85.8%
Best
85.4%
Blazing
85.2%
Boyz
85%
Blood
84.9%
Blind
84.9%
Bell
84%
Bandit
84%
Ball
83.5%
% Correct
Buddy
83.5%
Boys
83.3%
Breakfast
83.2%
Bridge
82.6%
Boulevard
81.9%
Barber
81.7%
Bloody
81%
Bosses
80.9%
Big
80.7%
Bang
80.7%
Bring
80.6%
Boogie
80.3%
Badge
79.1%
Brian
78.8%
Brasco
77.5%
Bagger
76.1%
Bounty
75.6%
Bull
74.2%
Blue
74%
Babes
72%
Brains
71.6%
Benjamin
70.6%
Brown
70.4%
Beyond
70.4%
Boot
70.2%
Beach
68.3%
Bravo
68.1%
Brooklyn
67.4%
Blank
67.4%
Blade
67.2%
Boy
67%
Bus
64.3%
Boondock
63.2%
Born
63%
% Correct
Barton
62.5%
Bruges
62.2%
Birdman
62.2%
Bells
61.3%
Beast
59.4%
Being
58.8%
Bunch
58.6%
Bagdad
57.9%
Barefoot
57.6%
Bow
57.3%
Bob
57.1%
Broadcast
56.2%
Before
54.9%
Ballou
53.8%
Boat
53.4%
Barry
50.6%
Bound
49.4%
Breaking
49.1%
Beautiful
47.2%
Beloved
45.8%
Blackboard
42.1%
Breckinridge
42.1%
Bourgeoisie
39.5%
Bicycle
35.7%
Babette's
35.1%
Blows
34.8%
Breaker
29.1%
Bountiful
27.3%
Bank
25%
Bonner
24.5%
Billy
23.4%
Belinda
22.6%
Blimp
21.3%

You're not logged in!

Compare scores with friends on all Sporcle quizzes.
OR
Log In

You Might Also Like...

Show Comments

Extras

Top Quizzes Today


Score Distribution

Your Account Isn't Verified!

In order to create a playlist on Sporcle, you need to verify the email address you used during registration. Go to your Sporcle Settings to finish the process.

Report this User

Report this user for behavior that violates our Community Guidelines.

Details: